Célébrités nouvelle génération - Statistiques

Statistiques générales
  • Ce quiz a été pris 559 fois
  • Le résultat moyen est 10 sur 16
Statistiques - réponses
Par images Réponse % Correct
Zendaya
97%
Tom Holland
91%
Timothée Chalamet
89%
Jenna Ortega
86%
Billie Eilish
84%
The Weekend
82%
Millie Bobby Brown
79%
Olivia Rodrigo
68%
Ice Spice
59%
Gigi Hadid
57%
Jacob Elordi
53%
Addison Rae
51%
Sydney Sweeney
45%
Florence Pugh
38%
Austin Butler
16%
Barry Keoghan
14%
Aucun quiz correspondant
Distribution des résultats
% des personnes avec chaque résultat
Percentile par nombre de réponses
Votre historique - résultats
Vous n’avez pas pris ce quiz